| 000 | 00487nam a2200145Ia 4500 | ||
|---|---|---|---|
| 008 | 191023s9999 xx 000 0 und d | ||
| 020 | _a9781285444628 | ||
| 100 | _aSamovar, Larry A. | ||
| 245 |
_cLarry A. Samovar, Richard E. Porter, Edwin R. McDaniel, Carolyn S. Roy.-- _aCommunication between cultures / |
||
| 250 | _a9th ed | ||
| 260 |
_aUSA : _bCengage Learning _c2017 |
||
| 300 | _axxiii, 453 pages. | ||
| 650 | _aCommunication and culture | ||
| 650 | _aIntercultural communication | ||
| 999 |
_c362303 _d362303 |
||